000 00279nam a2200109Ia 4500
008 190912s9999||||xx |||||||||||||| ||und||
100 _aIshtiaq Husain
245 4 _aThe Muslim Community of The Indo-Pakistan
260 _aKarachi
_bEducation
_c1999
300 _a388
942 _cBK
999 _c7669
_d7669